000 00851nam a2200205Ia 4500
003 OSt
005 20240613112244.0
008 210210b2016 xxu||||| |||| 00| 0 eng d
020 _a9788190651356
040 _cAL
041 _aKannada
082 _aK894.8 KANB
100 _aKANNADA MATTU SAMSKRATI ILAKHE
_d ಕನ್ನಡ ಮತ್ತು ಸಂಸ್ಕೃತಿ ಇಲಾಖೆ
_9170428
245 _aBaba saheb ambedkar avara samagra barehagalu mattu bhashanagalu: Samagra vishayasuchi
_bಬಾಬಾ ಸಾಹೇಬ್ ಅಂಬೇಡ್ಕರ್ ಅವರ ಸಮಗ್ರ ಬರಹಗಳು ಮತ್ತು ಭಾಷಣಗಳು: ಸಮಗ್ರ ವಿಷಯಸೂಚಿ
260 _aBengaluru
_bKannada mattu Samskrati Ilakhe
_c2016
300 _avi,663
690 _aKannada Collections
_9170429
906 _a071011
942 _2ddc
_cBK
999 _c120404
_d120404